000 00535nam a22001937a 4500
003 KOHA_MİRAKIL
005 20251002144648.0
008 251002b tu ||||| |||| 00| 0 tur d
020 _a9786053264118
040 _aTR-AnABB
_btur
_cTR-AnABB
041 _atur
082 _a828.3352
_bLON 2020
100 1 _aLondon, Jack,
245 1 0 _aYabanın çağrısı /
_cJack London
260 _aİstanbul :
_bİz Yayıncılık,
_c2020
300 _a128 sayfa ;
_c20 cm
650 0 4 _aAmerikan edebiyatı, roman
942 _2ddc
_cBK
999 _c9039
_d9039
900 _bGizem YORULMAZ